<?xml version="1.0" encoding="UTF-8"?>
<record
    xmlns:xsi="http://www.w3.org/2001/XMLSchema-instance"
    xsi:schemaLocation="http://www.loc.gov/MARC21/slim http://www.loc.gov/standards/marcxml/schema/MARC21slim.xsd"
    xmlns="http://www.loc.gov/MARC21/slim">

  <leader>00789nam a22001697a 4500</leader>
  <controlfield tag="008">160224b        xxu||||| |||| 00| 0 eng d</controlfield>
  <datafield tag="020" ind1=" " ind2=" ">
    <subfield code="a">8290955413</subfield>
  </datafield>
  <datafield tag="082" ind1=" " ind2=" ">
    <subfield code="a">708</subfield>
    <subfield code="b">C238j</subfield>
  </datafield>
  <datafield tag="100" ind1=" " ind2=" ">
    <subfield code="a">Carlos Capel&#xE1;n; Gavin Jantjes; Henie-Onstad kunstsenter.</subfield>
    <subfield code="9">4790</subfield>
  </datafield>
  <datafield tag="245" ind1=" " ind2=" ">
    <subfield code="a">Carlos Capel&#xE1;n</subfield>
    <subfield code="c">Carlos Capel&#xE1;n; Gavin Jantjes; Henie-Onstad kunstsenter.</subfield>
  </datafield>
  <datafield tag="260" ind1=" " ind2=" ">
    <subfield code="a">H&#xF8;vikodden</subfield>
    <subfield code="b">Henie-onstad kunstsenter</subfield>
    <subfield code="c">2000</subfield>
  </datafield>
  <datafield tag="300" ind1=" " ind2=" ">
    <subfield code="a">79 pag</subfield>
    <subfield code="b">col; ill.</subfield>
    <subfield code="c">24 cm</subfield>
  </datafield>
  <datafield tag="505" ind1=" " ind2=" ">
    <subfield code="t">Section:i  Acknowledgemets</subfield>
    <subfield code="t">Section:p Preparation</subfield>
    <subfield code="t">Section:j Jetlag Mambo</subfield>
    <subfield code="t">Section:t1 Carlos Capelan (English version)</subfield>
    <subfield code="t">Section:t2 Carlos Capelan (Norwegian version)</subfield>
    <subfield code="t">Section:e Exhibition</subfield>
    <subfield code="t">Section:c Curriculum Vitae</subfield>
  </datafield>
  <datafield tag="600" ind1=" " ind2=" ">
    <subfield code="a">Carlos Capel&#xE1;n</subfield>
    <subfield code="9">4613</subfield>
  </datafield>
  <datafield tag="650" ind1=" " ind2=" ">
    <subfield code="a">Exhibiciones </subfield>
    <subfield code="x">Arte Uruguayo</subfield>
    <subfield code="9">4791</subfield>
  </datafield>
  <datafield tag="700" ind1=" " ind2=" ">
    <subfield code="a">Carlos Capel&#xE1;n</subfield>
    <subfield code="9">4613</subfield>
  </datafield>
  <datafield tag="999" ind1=" " ind2=" ">
    <subfield code="c">869</subfield>
    <subfield code="d">869</subfield>
  </datafield>
  <datafield tag="952" ind1=" " ind2=" ">
    <subfield code="0">0</subfield>
    <subfield code="1">0</subfield>
    <subfield code="2">ddc</subfield>
    <subfield code="4">0</subfield>
    <subfield code="7">0</subfield>
    <subfield code="a">LV</subfield>
    <subfield code="b">LV</subfield>
    <subfield code="c">Monograf&#xED;as</subfield>
    <subfield code="d">2016-02-24</subfield>
    <subfield code="l">0</subfield>
    <subfield code="o">708 C238j</subfield>
    <subfield code="p">000631</subfield>
    <subfield code="r">2016-02-24 00:00:00</subfield>
    <subfield code="w">2016-02-24</subfield>
    <subfield code="y">01</subfield>
  </datafield>
</record>
